000 00700cab a2200205 4500
001 L130070
008 050620n2005 000 0 eng u
035 _a(Sirsi) u130070
041 _aeng
100 _aRiches, John L.
245 _aFun, frolics and forms
260 _c2005
490 _aBuilding
_v270(8334) 3 June 2005, 60(1)
520 _aDetails the changes introduced by JCT 05. Lists JCT documents and their new codes.
590 _aIKA210605
650 _aJCT STANDARD FORM OF BUILDING CONTRACT 2005 EDITION
651 4 _aUnited Kingdom
_y
690 _aBUILT ENVIRONMENT-BUILDING CONTRACT FORMS-STANDARD FORMS OF BUILDING CONTRACT-JOINT CONTRACTS TRIBUNAL CONTRACTS
942 _n0
999 _c75436
_d75436